| 000 | 004590000a22001810004500 | ||
|---|---|---|---|
| 003 | MACL | ||
| 005 | 20151231165133.0 | ||
| 008 | 151231b xxu||||| |||| 00| 0 eng d | ||
| 040 |
_aMACL _cMACL |
||
| 041 | _aEnglish | ||
| 082 | _a349/BAN | ||
| 100 |
_aBanerjee, Anandagopal _925994 |
||
| 245 | _aIncome Tax Law and Practice in India | ||
| 260 |
_bPrabartak Publishers _c1949 _aCalcutta |
||
| 350 | _a15 | ||
| 650 |
_aLaw _925995 |
||
| 942 |
_cBK _k349/BAN _2ddc |
||
| 999 |
_c34890 _d34890 |
||